| 000 | 01805nam a22003017a 4500 | ||
|---|---|---|---|
| 003 | OSt | ||
| 005 | 20180116192409.0 | ||
| 008 | 120719t 2007xxu||||| |||| 00| 0 eng d | ||
| 020 | _a9780415415170 | ||
| 020 | _a9780203934197 | ||
| 020 | _a9780415415156 | ||
| 020 | _a0415415179 | ||
| 020 | _a0203934199 | ||
| 020 | _a0415415152 | ||
| 040 | _c0 | ||
| 082 | _a193 | ||
| 100 |
_aSharr, Adam. _95641 |
||
| 245 |
_aHeidegger for architects _cAdam Sharr. |
||
| 260 |
_aLondon : _bRoutledge ; _c2007. |
||
| 300 |
_a128 p. : _bill ; _c21 cm. |
||
| 440 |
_aThinkers for architects. _95642 |
||
| 520 | _a Informing the designs of architects as diverse as Peter Zumthor, Steven Holl, Hans Scharoun and Colin St. John Wilson, the work of Martin Heidegger has proved of great interest to architects and architectural theorists. The first introduction to Heidegger’s philosophy written specifically for architects and students of architecture introduces key themes in his thinking, which has proved highly influential among architects as well as architectural historians and theorists. This guide familiarizes readers with significant texts and helps to decodes terms as well as providing quick referencing for further reading. This concise introduction is ideal for students of architecture in design studio at all levels; students of architecture pursuing undergraduate and postgraduate courses in architectural theory; academics and interested architectural practitioners. Heidegger for Architects is the second book in the new Thinkers for Architects series. | ||
| 600 |
_aHeidegger, Martin _d1889-1976 _95643 |
||
| 650 |
_aArchitecture _xPhilosophy _95644 |
||
| 830 | 0 |
_a Thinkers for architects. _95645 |
|
| 942 |
_2ddc _cBK |
||
| 999 |
_c353500 _d353500 |
||